000 00279nam a2200109 a 4500
005 20201002044921.0
008 140403s1971 000 spa d
100 _aSudermann, Hermann
_971506
245 3 _aEl deseo.
260 _aMadrid -- Libra,
_c1971 -- 198 p.
999 _c43172
_d43172
040 _aDO-SdBNP